[Event "Sterlitamak op"]
[Site "Sterlitamak"]
[Date "2008.07.02"]
[Round "7"]
[White "Yakovlev, Yuriy"]
[Black "Pakulev, Yury"]
[Result "1/2-1/2"]
[WhiteElo "2166"]
[BlackElo "2095"]
[PlyCount "24"]
[EventDate "2008.06.26"]
[EventType "swiss"]
[EventRounds "9"]
[EventCountry "RUS"]
[SourceTitle "EXT 2009"]
[Source "ChessBase"]
[SourceDate "2008.11.26"]
[SourceVersion "1"]
[SourceVersionDate "2008.11.26"]
[SourceQuality "1"]

1. d4 d5 2. c4 e6 3. Nc3 Nf6 4. Nf3 c6 5. cxd5 exd5 6. Qc2 Bd6 7. Bg5 0-0 8. e3 Bg4 9. Bd3 h6 10. Bh4 Nbd7 11. 0-0 Re8 12. Rab1 Nf8 1/2-1/2

[Event "Sterlitamak op"]
[Site "Sterlitamak"]
[Date "2008.06.29"]
[Round "4"]
[White "Vorobiov, Nikolai"]
[Black "Yakovlev, Yuriy"]
[Result "1/2-1/2"]
[WhiteElo "2049"]
[BlackElo "2166"]
[PlyCount "63"]
[EventDate "2008.06.26"]
[EventType "swiss"]
[EventRounds "9"]
[EventCountry "RUS"]
[SourceTitle "EXT 2009"]
[Source "ChessBase"]
[SourceDate "2008.11.26"]
[SourceVersion "1"]
[SourceVersionDate "2008.11.26"]
[SourceQuality "1"]

1. d4 d5 2. e3 Nf6 3. Bd3 e6 4. Nd2 c5 5. c3 Nc6 6. f4 Bd6 7. Qf3 Rb8 8. Qg3 b5 9. Nh3 g6 10. 0-0 b4 11. Nf3 bxc3 12. bxc3 cxd4 13. cxd4 Ne4 14. Bxe4 dxe4 15. Ne5 Ne7 16. Ng5 Nf5 17. Qe1 Rb7 18. Nxe4 f6 19. Ng4 0-0 20. a4 Be7 21. Ba3 Rb3 22. Bxe7 Qxe7 23. Nc5 Rb2 24. Rf2 Rxf2 25. Nxf2 Re8 26. Nfd3 Bb7 27. Nxb7 Qxb7 28. Nc5 Qe7 29. Qe2 e5 30. fxe5 fxe5 31. Re1 Qf7 32. dxe5 1/2-1/2

[Event "Sterlitamak op"]
[Site "Sterlitamak"]
[Date "2008.06.28"]
[Round "3"]
[White "Yakovlev, Yuriy"]
[Black "Fakhretdinova, Margarita"]
[Result "1/2-1/2"]
[WhiteElo "2166"]
[BlackElo "2141"]
[PlyCount "100"]
[EventDate "2008.06.26"]
[EventType "swiss"]
[EventRounds "9"]
[EventCountry "RUS"]
[SourceTitle "EXT 2009"]
[Source "ChessBase"]
[SourceDate "2008.11.26"]
[SourceVersion "1"]
[SourceVersionDate "2008.11.26"]
[SourceQuality "1"]

1. d4 d5 2. c4 e6 3. Nc3 Nf6 4. Nf3 Be7 5. Bf4 0-0 6. e3 c6 7. cxd5 exd5 8. Qc2 Nbd7 9. Bd3 Re8 10. 0-0 Nf8 11. h3 Ng6 12. Bh2 Bd6 13. Bxd6 Qxd6 14. Rab1 Qe7 15. b4 a6 16. a4 Ne4 17. b5 axb5 18. axb5 Nxc3 19. Qxc3 Ra3 20. Rb3 Rxb3 21. Qxb3 Qf6 22. bxc6 bxc6 23. Qd1 Qd6 24. Qe2 Nf8 25. Rc1 Bb7 26. Rb1 Re7 27. Rb3 g6 28. Qb2 Qc7 29. Ne5 Ne6 30. Ng4 Bc8 31. Rb8 Kg7 32. Qb4 Bb7 33. Qa3 h5 34. Ne5 c5 35. Qa7 cxd4 36. exd4 Nf4 37. Qa3 f6 38. g3 fxe5 39. gxf4 exf4 40. f3 Re1+ 41. Kf2 Qxb8 42. Kxe1 Qe8+ 43. Kd2 Bc6 44. Bc2 Qe6 45. h4 Bb5 46. Bd1 Qf6 47. Qc5 Bc4 48. Qc7+ Qf7 49. Qe5+ Qf6 50. Qc7+ Kh6 1/2-1/2

[Event "Sterlitamak op"]
[Site "Sterlitamak"]
[Date "2008.06.27"]
[Round "2"]
[White "Dubov, Danil"]
[Black "Yakovlev, Yuriy"]
[Result "1/2-1/2"]
[WhiteElo "2113"]
[BlackElo "2166"]
[PlyCount "83"]
[EventDate "2008.06.26"]
[EventType "swiss"]
[EventRounds "9"]
[EventCountry "RUS"]
[SourceTitle "EXT 2009"]
[Source "ChessBase"]
[SourceDate "2008.11.26"]
[SourceVersion "1"]
[SourceVersionDate "2008.11.26"]
[SourceQuality "1"]

1. e4 c5 2. Nf3 d6 3. Bb5+ Bd7 4. Bxd7+ Qxd7 5. c4 Nf6 6. Nc3 Nc6 7. 0-0 g6 8. d3 Bg7 9. h3 0-0 10. Be3 a6 11. Qd2 Rab8 12. Bh6 e6 13. Bxg7 Kxg7 14. d4 cxd4 15. Nxd4 d5 16. cxd5 exd5 17. exd5 Nxd5 18. Nxc6 bxc6 19. Rad1 Rfe8 20. Qd4+ Kg8 21. Rfe1 Qb7 22. Rxe8+ Rxe8 23. b3 Qb4 24. Nxd5 Re1+ 25. Kh2 Qd6+ 26. g3 Rxd1 27. Qxd1 cxd5 28. Qd4 f6 29. b4 Kf7 30. Kg2 Ke6 31. Kf3 Qe5 32. Qxe5+ fxe5 33. Ke3 g5 34. f4 d4+ 35. Ke4 gxf4 36. gxf4 exf4 37. Kxd4 f3 38. Ke3 Kd5 39. a4 Kc4 40. b5 f2 41. Kxf2 axb5 42. axb5 1/2-1/2